Dutch Olympic Medalists Tokyo 2020 - Statistics

General Stats
  • This quiz has been taken 15 times
  • The average score is 5 of 15
Answer Stats
Sport Event Answer % Correct
Athletics Women's 5.000 Metres Siffan Hassan
92%
Athletics Women's 10.000 Metres Siffan Hassan
92%
Cycling Men's Team Sprint Harrie Lavreysen
58%
Cycling Men's Sprint Harrie Lavreysen
58%
Cycling Women's Road Cycling Time Trial Annemiek van Vleuten
50%
Cycling Men's Team Sprint Jeffreij Hoogland
50%
Cycling Men's BMX Racing Niek Kimman
42%
Sailing Men's RS:X Kiran Badloe
33%
Cycling Men's Team Sprint Matthijs Buchli
25%
Cycling Men's Team Sprint Roy van den Berg
25%
Cycling Women's Keirin Shanne Braspennincx
8%
Rowing Men's Quadruple Sculls Tone Wieten
8%
Rowing Men's Quadruple Sculls Abe Wiersma
0%
Rowing Men's Quadruple Sculls Dirk Uittenbogaard
0%
Rowing Men's Quadruple Sculls Koen Metsemakers
0%
No matching quizzes found
Score Distribution
Percent of People with Each Score
Percentile by Number Answered
Your Score History
You have not taken this quiz